50 chuyện kì thú phương nam

Tallennettuna:
Bibliografiset tiedot
Päätekijä: Hà, Đình Nguyên
Aineistotyyppi: Kirja
Kieli:Vietnamese
Julkaistu: Tp. Hồ Chí Minh Trẻ 2017
Aiheet:
Tagit: Lisää tagi
Ei tageja, Lisää ensimmäinen tagi!
Thư viện lưu trữ: Trung tâm Học liệu Lê Vũ Hùng, Trường Đại học Đồng Tháp
LEADER 00706pam a22002298a 4500
001 00042686
005 20181017071013.0
008 130124s2011 ||||||viesd
020 # # |a 978 604 1 10916 2  |c 115000 
041 0 # |a vie 
082 1 4 |a 959.77  |b N114M 
100 1 # |a Hà, Đình Nguyên 
245 1 0 |a 50 chuyện kì thú phương nam  |c Hà Đình Nguyên 
260 # # |a Tp. Hồ Chí Minh  |b Trẻ  |c 2017 
300 # # |c 23 cm.  |b minh họa  |a 336 tr. 
653 # # |a Danh nhân 
653 # # |a Kì thú 
653 # # |a Lịch sử 
653 # # |a Việt Nam 
852 # # |j KM.0026627 
910 |d 17/10/2018 
980 # # |a Trung tâm Học liệu Lê Vũ Hùng, Trường Đại học Đồng Tháp